PHARMACEUTICAL ENGINEERING: PRINCIPLES AND PRACTICE [UNIT OPERATIONS] (Record no. 7454)

MARC details
000 -LEADER
fixed length control field 00495nam a22001697a 4500
005 - DATE AND TIME OF LATEST TRANSACTION
control field 20240110111816.0
008 - FIXED-LENGTH DATA ELEMENTS--GENERAL INFORMATION
fixed length control field 210219b ||||| |||| 00| 0 eng d
020 ## - INTERNATIONAL STANDARD BOOK NUMBER
ISBN 978-93-85523
041 ## - LANGUAGE CODE
Language code of text/sound track or separate title eng
082 ## - DEWEY DECIMAL CLASSIFICATION NUMBER
Classification number 615.19
100 ## - MAIN ENTRY--AUTHOR NAME
Personal name SUBRAHMANYAM, C.V.S. THIMMASETTY J ,SURESH, SARASIJA AND DEVI, KUSUM .V
245 ## - TITLE STATEMENT
Title PHARMACEUTICAL ENGINEERING: PRINCIPLES AND PRACTICE [UNIT OPERATIONS]
260 ## - PUBLICATION, DISTRIBUTION, ETC. (IMPRINT)
Place of publication DELHI
Name of publisher VALLABH PRAKASHAN
300 ## - PHYSICAL DESCRIPTION
Number of Pages 576,P
650 ## - SUBJECT ADDED ENTRY--TOPICAL TERM
Topical Term PHARMACY
942 ## - ADDED ENTRY ELEMENTS (KOHA)
Koha item type Books
Holdings
Lost status Damaged status Collection code Home library Current library Shelving location Date acquired Source of acquisition Cost, normal purchase price Full call number Accession Number Koha item type
    Reference JRU Library JRU Library SHELF - 10 - D 19/02/2021 PURCHES / LBI - 1710 / 11-2-21 525.00 615.19 25513 Books
    PHARMACY JRU Library JRU Library Shelf - 21- A 19/02/2021 PURCHES / LBI - 1710 / 11-2-21 525.00 615.19 25514 Books
    PHARMACY JRU Library JRU Library Shelf - 26- A 19/02/2021 PURCHES / LBI - 1710 / 11-2-21 525.00 615.19 25515 Books
    PHARMACY JRU Library JRU Library Shelf - 26- A 19/02/2021 PURCHES / LBI - 1710 / 11-2-21 525.00 615.19 25516 Books
    PHARMACY JRU Library JRU Library Shelf - 26- A 19/02/2021 PURCHES / LBI - 1710 / 11-2-21 525.00 615.19 25517 Books
    PHARMACY JRU Library JRU Library Shelf - 26- A 19/02/2021 PURCHES / LBI - 1710 / 11-2-21 525.00 615.19 25518 Books
    PHARMACY JRU Library JRU Library Shelf - 26- A 19/02/2021 PURCHES / LBI - 1710 / 11-2-21 525.00 615.19 25519 Books
    PHARMACY JRU Library JRU Library Shelf - 26- A 19/02/2021 PURCHES / LBI - 1710 / 11-2-21 525.00 615.19 25520 Books